Samlungen historischer Nachrichten über die mongolischen Völkerschaften // Samlungen historischer Nachrichten über die mongolischen Völkerschaften. - Th. 1 (Запись № 10334160)

Подробности
000 -МАРКЕР
контрольное поле 01342nam1a22003251 4500
001 - ИДЕНТИФИКАТОР ЗАПИСИ
контрольное поле RU\NLR\A2V1719\5387
005 - ИДЕНТИФИКАТОР ВЕРСИИ
контрольное поле 20251214183028.0
035 ## - ДРУГИЕ СИСТЕМНЫЕ НОМЕРА
Идентификатор записи (NLR Aleph) 009847188
100 ## - ДАННЫЕ ОБЩЕЙ ОБРАБОТКИ
Данные общей обработки 20251214 rusy50
101 0# - ЯЗЫК РЕСУРСА
Язык текста, звукозаписи и т.д. немецкий
102 ## - СТРАНА ПУБЛИКАЦИИ ИЛИ ПРОИЗВОДСТВА
Страна публикации российская федерация
200 1# - ЗАГЛАВИЕ И СВЕДЕНИЯ ОБ ОТВЕТСТВЕННОСТИ
Основное заглавие Samlungen historischer Nachrichten über die mongolischen Völkerschaften
Первые сведения об ответственности Durch P.S. Pallas, D.A.D. Professor ...
210 ## - ПУБЛИКАЦИЯ, РАСПРОСТРАНЕНИЕ И ДР.
Место издания, распространения и т.д. St. Petersburg [Sankt-Peterburg]
Имя издателя, распространителя и т. д. Gedruckt bey der Kayserlichen Akademie der Wissenschaften
Дата издания, распространения и т.д. 1776-1801
215 ## - ФИЗИЧЕСКАЯ ХАРАКТЕРИСТИКА
Размеры 4°(26 см)
304 ## - ПРИМЕЧАНИЯ, ОТНОСЯЩИЕСЯ К ЗАГЛАВИЮ И СВЕДЕНИЯМ ОБ ОТВЕТСТВЕННОСТИ
Текст примечания Общ. загл. Th. 2: Sammlungen ...
463 #0 - УРОВЕНЬ ФИЗИЧЕСКОЙ ЕДИНИЦЫ
Встроенное поле 001RU\NLR\A2V1719\5388
Системный номер (АБИС) связанной записи 13487814
Дата публикации 1776
Физическая характеристика XVI, 232 с., [14] л. ил.
Заглавие Samlungen historischer Nachrichten über die mongolischen Völkerschaften. - Th. 1
463 #0 - УРОВЕНЬ ФИЗИЧЕСКОЙ ЕДИНИЦЫ
Встроенное поле 001RU\NLR\A2V1719\5389
Системный номер (АБИС) связанной записи 13487815
Дата публикации 1801
Физическая характеристика [2], X, 438, [2] с., [23] л. ил.
Заглавие Samlungen historischer Nachrichten über die mongolischen Völkerschaften. - Th. 2
517 1# - ДРУГИЕ ВАРИАНТЫ ЗАГЛАВИЯ
Вариант заглавия Sammlungen ...
620 ## - МЕСТО И ДАТА ПУБЛИКАЦИИ, ИСПОЛНЕНИЯ И Т. Д.
Город Sankt-Peterburg
700 #1 - ИМЯ ЛИЦА - ПЕРВИЧНАЯ ОТВЕТСТВЕННОСТЬ
Начальный элемент ввода Pallas
Часть имени, кроме начального элемента ввода P.S.
Даты 1741-1811
Расширение инициалов личного имени Peter Simon
Код отношения Автор
712 02 - НАИМЕНОВАНИЕ ОРГАНИЗАЦИИ - ВТОРИЧНАЯ ОТВЕТСТВЕННОСТЬ
Начальный элемент ввода Akademie der Wissenschaften
Идентифицирующий признак Petersburg
Структурное подразделение Druckerei
Код отношения Бывший владелец
801 #0 - ИСТОЧНИК ЗАПИСИ
Страна российская федерация
Организация NLR
Дата составления 20050928
852 ## - МЕСТОНАХОЖДЕНИЕ И ШИФР ХРАНЕНИЯ
Идентификатор организации NLR
Шифр хранения (Call Number) 13.3.5.58
852 ## - МЕСТОНАХОЖДЕНИЕ И ШИФР ХРАНЕНИЯ
Идентификатор организации NLR
Шифр хранения (Call Number) ОЛСАА (Th. 1)
942 ## - ДОПОЛНИТЕЛЬНЫЕ ЭЛЕМЕНТЫ ЗАПИСИ (АБИС)
Тип экземпляра АБИС Книга
980 ## - КОЛЛЕКЦИЯ
Название коллекции Национальная библиография
980 ## - КОЛЛЕКЦИЯ
Название коллекции Иностранная рекаталогизация: 17-19 век

Нет доступных экземпляров.